00309 a2200109 4500001000700000020000600007040001100013100003300024240006900057245006400126362000900190169319 a  cMagnum aAgencia Regional de Noticias10aClipping em educacao - 03/01/00 a 09/01/00 - ano i - nº 21lpor10aClipping em educacao - 03/01/00 a 09/01/00 - ano i - nº 210 a1899